Atlas de condiciones de los suelos : estudio de desarrollo agropecuario del sud de la provincia de Buenos Aires /

Guardado en:
Autor Corporativo: Consejo Federal de Inversiones (Argentina)
Formato: Libro
Idioma:Spanish
Publicado: Buenos Aires : Consejo Federal de Inversiones : Cooperación Técnica del Ministerio de Relaciones Exteriores de Francia, 1966.
Acceso en línea:Texto completo
Etiquetas: Agregar Etiqueta
Sin Etiquetas, Sea el primero en etiquetar este registro!
LEADER 01356nam a22001695a 4500
001 EEA.libagro008597
008 130809s1966####ag#a##########000#0#spa#d
005 20191113115854.0
245 1 0 |a Atlas de condiciones de los suelos :  |b estudio de desarrollo agropecuario del sud de la provincia de Buenos Aires /  |c Ministerio de Asuntos Agrarios. 
260 |a Buenos Aires :  |b Consejo Federal de Inversiones :  |b Cooperación Técnica del Ministerio de Relaciones Exteriores de Francia,  |c 1966. 
300 |a 29 p. :  |b mapas, tablas ;  |c 35 cm. 
500 |a El Atlas generado establece las condiciones de los suelos abarcando la región N.O. de Tandilia, región de La Ventana, región este de Azul, interserrana septentrional, interserrana meridional, costera dunicola, deprimida de Carhué, medanosa, norte de Olavarría sur y oeste de La Ventana, deprimida subpampasica. Con la información obtenida se lleva a cabo el estudio del desarrollo agropecuario del sudeste de la pcia., cuyos elementos básicos se publicaron en el atlas de la pcia. que precedió al presente. 
710 2 |a Consejo Federal de Inversiones (Argentina) 
082 0 4 |a 912.8212 
856 |u https://s3-sa-east-1.amazonaws.com/cfi-biblioteca/root/06507.pdf  |3 Texto completo 
859 |a AR-BbBCA  |b BIB. AGRONOMIA  |h F912.8212  |i B928  |p 1973/0004 
859 |a AR-BbBCA  |b BIB. AGRONOMIA  |h 912.8212  |i B928  |k F  |p 1990/1563  |t Ej.2